MARC details
| 000 -LEADER |
| fixed length control field |
03286cam a2200589Ia 4500 |
| 003 - CONTROL NUMBER IDENTIFIER |
| control field |
TR-AnTOB |
| 005 - DATE AND TIME OF LATEST TRANSACTION |
| control field |
20231009111938.0 |
| 006 - FIXED-LENGTH DATA ELEMENTS--ADDITIONAL MATERIAL CHARACTERISTICS |
| fixed length control field |
m o d |
| 007 - PHYSICAL DESCRIPTION FIXED FIELD--GENERAL INFORMATION |
| fixed length control field |
cr cnu---aauau |
| 008 - FIXED-LENGTH DATA ELEMENTS--GENERAL INFORMATION |
| fixed length control field |
080208t20082007njua o 001 0 eng d |
| 020 ## - INTERNATIONAL STANDARD BOOK NUMBER |
| International Standard Book Number |
9780470226766 |
| Qualifying information |
(electronic bk.) |
|
| International Standard Book Number |
0470226765 |
| Qualifying information |
(electronic bk.) |
|
| International Standard Book Number |
9780470226773 |
|
| International Standard Book Number |
0470226773 |
|
| International Standard Book Number |
1281221783 |
|
| International Standard Book Number |
9781281221780 |
|
| Canceled/invalid ISBN |
9780470107966 |
| Qualifying information |
(cloth) |
|
| Canceled/invalid ISBN |
0470107960 |
| Qualifying information |
(cloth) |
| 024 7# - OTHER STANDARD IDENTIFIER |
| Standard number or code |
10.1002/9780470226773 |
| Source of number or code |
doi |
| 035 ## - SYSTEM CONTROL NUMBER |
| System control number |
(OCoLC)191880653 |
| Canceled/invalid control number |
(OCoLC)184983182 |
| -- |
(OCoLC)294883748 |
| -- |
(OCoLC)476130855 |
| -- |
(OCoLC)646743091 |
| -- |
(OCoLC)696034392 |
| -- |
(OCoLC)806201401 |
| -- |
(OCoLC)815554520 |
| 037 ## - SOURCE OF ACQUISITION |
| Stock number |
10.1002/9780470226773 |
| Source of stock number/acquisition |
Wiley InterScience |
| Note |
http://www3.interscience.wiley.com |
| 040 ## - CATALOGING SOURCE |
| Original cataloging agency |
N$T |
| Language of cataloging |
eng |
| Description conventions |
rda |
| Transcribing agency |
N$T |
| Modifying agency |
YDXCP |
| -- |
OCLCQ |
| -- |
OSU |
| -- |
IDEBK |
| -- |
OCLCQ |
| -- |
DG1 |
| -- |
BTCTA |
| -- |
E7B |
| -- |
CEF |
| -- |
C7D |
| -- |
OCLCQ |
| -- |
REDDC |
| -- |
OCLCQ |
| -- |
MERUC |
| -- |
OCLCQ |
| -- |
OCLCF |
| -- |
OCLCQ |
| -- |
EBLCP |
| -- |
NRU |
| -- |
DEBSZ |
| -- |
UKDOC |
| -- |
COO |
| -- |
OCLCQ |
| -- |
DG1 |
| -- |
TR-AnTOB |
| 041 0# - LANGUAGE CODE |
| Language code of text/sound track or separate title |
İngilizce |
| 050 04 - LIBRARY OF CONGRESS CALL NUMBER |
| Classification number |
QA300 |
| Item number |
.S37 2007EBK |
| 072 #7 - SUBJECT CATEGORY CODE |
| Subject category code |
MAT |
| Subject category code subdivision |
005000 |
| Source |
bisacsh |
|
| Subject category code |
MAT |
| Subject category code subdivision |
034000 |
| Source |
bisacsh |
|
| Subject category code |
PBK |
| Source |
bicssc |
| 090 ## - LOCALLY ASSIGNED LC-TYPE CALL NUMBER (OCLC); LOCAL CALL NUMBER (RLIN) |
| Classification number (OCLC) (R) ; Classification number, CALL (RLIN) (NR) |
QA300 |
| Local cutter number (OCLC) ; Book number/undivided call number, CALL (RLIN) |
.S37 2007EBK |
| 100 ## - MAIN ENTRY--PERSONAL NAME |
| Personal name |
Schroder, Bernd S. W., |
| Fuller form of name |
(Bernd Siegfried Walter), |
| Dates associated with a name |
1966- |
| Relator term |
author |
| 9 (RLIN) |
79783 |
| 245 10 - TITLE STATEMENT |
| Title |
Mathematical analysis : |
| Remainder of title |
a concise introduction / |
| Statement of responsibility, etc. |
Bernd S.W. Schröder. |
| 264 #1 - PRODUCTION, PUBLICATION, DISTRIBUTION, MANUFACTURE, AND COPYRIGHT NOTICE |
| Place of production, publication, distribution, manufacture |
Hoboken, N.J. : |
| Name of producer, publisher, distributor, manufacturer |
Wiley-Interscience, |
| Date of production, publication, distribution, manufacture, or copyright notice |
2007 |
|
| Date of production, publication, distribution, manufacture, or copyright notice |
©2008 |
| 300 ## - PHYSICAL DESCRIPTION |
| Extent |
1 online resource (xv, 562 pages) : |
| Other physical details |
illustrations. |
| 336 ## - CONTENT TYPE |
| Content type term |
text |
| Content type code |
txt |
| Source |
rdacontent |
| 337 ## - MEDIA TYPE |
| Media type term |
computer |
| Media type code |
c |
| Source |
rdamedia |
| 338 ## - CARRIER TYPE |
| Carrier type term |
online resource |
| Carrier type code |
cr |
| Source |
rdacarrier |
| 504 ## - BIBLIOGRAPHY, ETC. NOTE |
| Bibliography, etc. note |
Includes bibliographical references and index. |
| 505 0# - FORMATTED CONTENTS NOTE |
| Formatted contents note |
Mathematical Analysis: A Concise Introduction; Contents; Preface; Part I: Analysis of Functions of a Single Real Variable; 1 The Real Numbers; 2 Sequences of Real Numbers; 3 Continuous Functions; 4 Differentiable Functions; 5 The Riemann Integral I; 6 Series of Real Numbers I; 7 Some Set Theory; 8 The Riemann Integral II; 9 The Lebesgue Integral; 10 Series of Real Numbers II; 11 Sequences of Functions; 12 Transcendental Functions; 13 Numerical Methods; Part II: Analysis in Abstract Spaces; 14 Integration on Measure Spaces; 15 The Abstract Venues for Analysis; 16 The Topology of Metric Spaces. |
| 520 ## - SUMMARY, ETC. |
| Summary, etc. |
Bridging the gap between calculus and further abstract topics this book presents a well organized and much needed introduction to the foundations of analysis. It is composed of three sections: the analysis of functions of one real variable, including an i. |
| 588 0# - SOURCE OF DESCRIPTION NOTE |
| Source of description note |
Print version record. |
| 650 #0 - SUBJECT ADDED ENTRY--TOPICAL TERM |
| Topical term or geographic name entry element |
Mathematical analysis |
| 9 (RLIN) |
1768 |
|
| Topical term or geographic name entry element |
Mathematical analysis. |
|
| Topical term or geographic name entry element |
MATHEMATICS |
| General subdivision |
Calculus. |
| Source of heading or term |
bisacsh |
|
| Topical term or geographic name entry element |
MATHEMATICS |
| General subdivision |
Mathematical Analysis. |
| Source of heading or term |
bisacsh |
|
| Topical term or geographic name entry element |
Mathematical analysis. |
| Source of heading or term |
fast |
| Authority record control number or standard number |
(OCoLC)fst01012068 |
| 655 #7 - INDEX TERM--GENRE/FORM |
| Genre/form data or focus term |
Electronic books. |
| Source of term |
local |
| 776 08 - ADDITIONAL PHYSICAL FORM ENTRY |
| Relationship information |
Print version: |
| Main entry heading |
Schröder, Bernd S.W. (Bernd Siegfried Walter), 1966- |
| Title |
Mathematical analysis. |
| Place, publisher, and date of publication |
Hoboken, N.J. : Wiley-Interscience, ©2008 |
| International Standard Book Number |
9780470107966 |
| Record control number |
(DLC) 2007024690 |
| -- |
(OCoLC)144770075 |
| 856 40 - ELECTRONIC LOCATION AND ACCESS |
| Materials specified |
Wiley Online Library |
| Public note |
Online access link to the resource |
| Uniform Resource Identifier |
<a href="https://doi.org/10.1002/9780470226773">https://doi.org/10.1002/9780470226773</a> |
| 942 ## - ADDED ENTRY ELEMENTS (KOHA) |
| Source of classification or shelving scheme |
Library of Congress Classification |
| Koha item type |
E-Book |